| 000 | 00869nam a2200265 i 4500 | ||
|---|---|---|---|
| 001 | bg | ||
| 100 | 1 | _aKOROŃSKI, Jan. | |
| 245 | 1 | 0 |
_aWykłady i ćwiczenia z matematyki dla studentów zaocznych studiów politechnicznych. _nCz. 1 / _cJan Koroński. |
| 250 | _aWyd. 2 popr. i uzup. | ||
| 260 |
_aKraków : _bPK, _c2003. |
||
| 300 |
_a280 s. : _bil. ; _c24 cm. |
||
| 490 | 1 | _aPomoc Dydaktyczna / Politechnika Krakowska im. Tadeusza Kościuszki | |
| 500 | _aTyt. grzbiet.: Wykłady i ćwiczenia z matematyki. | ||
| 504 | _aBibliogr. | ||
| 650 | 9 | _aMatematyka | |
| 655 | _aPodręczniki akademickie | ||
| 830 | 0 | _aPomoc Dydaktyczna (Politechnika Krakowska im. Tadeusza Kościuszki) | |
| 020 | _a8372422575 | ||
| 040 | _cBPK | ||
| 041 | 0 | _apol | |
| 080 | _a51(075.8) | ||
| 920 | _a83-7242-257-5 | ||
| 942 | _cKS | ||
| 008 | s pl f |000 0 pol | ||
| 999 |
_c44386 _d44386 |
||
| 856 |
_uhttp://koha.tu.koszalin.pl/cgi-bin/koha/opac-detail.pl?biblionumber=44386 _yKatalog online BPK |
||